[Event "Znojemska Rotunda 2007"]
[Site "?"]
[Date "2007.08.23"]
[Round "7.7"]
[White "Rysavy, Jan"]
[Black "Jostic, Peter"]
[Result "0-1"]
[WhiteElo "1601"]
[BlackElo "1612"]
[PlyCount "100"]
[EventDate "2007.08.18"]

1. e4 e5 2. Nf3 Nc6 3. Bc4 Bc5 4. c3 Nf6 5. d4 exd4 6. cxd4 Bb4+ 7. Bd2 Bxd2+
8. Nbxd2 d6 9. O-O O-O 10. Re1 Bg4 11. h3 Bh5 12. Qc2 Bg6 13. Bd3 Nb4 14. Qb3
Nxd3 15. Qxd3 d5 16. Ne5 dxe4 17. Nxe4 Bxe4 18. Rxe4 Nxe4 19. Qxe4 c6 20. Rd1
Qd5 21. Qg4 Rad8 22. Rd3 Qe6 23. Qg5 f6 24. Qg4 Qxg4 25. Nxg4 Rfe8 26. Ne3 Re4
27. d5 cxd5 28. Nxd5 Kf7 29. Kf1 Re5 30. Nb4 Rxd3 31. Nxd3 Rd5 32. Ke2 a5 33.
b3 b5 34. a3 Ke7 35. Ke3 Kd6 36. Ke4 f5+ 37. Ke3 Kc6 38. f4 Rd8 39. Ne5+ Kd5
40. Kd3 Rc8 41. Nf7 Rc1 42. Ng5 Rb1 43. Kc3 Rg1 44. Nxh7 Rxg2 45. Ng5 Rf2 46.
Kd3 Rxf4 47. Ke2 Rh4 48. Kf3 Rh5 49. Kf4 Rxg5 50. Kxg5 Ke4 0-1

[Event "Znojemska Rotunda 2007"]
[Site "?"]
[Date "2007.08.23"]
[Round "7.8"]
[White "Fojtik, Tomas"]
[Black "Blazek, Milos"]
[Result "1-0"]
[WhiteElo "2071"]
[BlackElo "2095"]
[PlyCount "39"]
[EventDate "2007.08.18"]

1. d4 Nf6 2. c4 e6 3. Nc3 Bb4 4. Qc2 c5 5. dxc5 Qa5 6. Bd2 Qxc5 7. e3 d5 8. a3
Bxc3 9. Bxc3 dxc4 10. Bb4 Qc6 11. Bxc4 Na6 12. Nf3 Nxb4 13. axb4 O-O 14. Qb3 b5
15. Be2 Bb7 16. O-O a6 17. Rac1 Qd5 18. Qa3 Rac8 19. Rc5 Qe4 20. Bd3 1-0

[Event "Znojemska Rotunda 2007"]
[Site "?"]
[Date "2007.08.23"]
[Round "7.9"]
[White "Hemala, Lubos"]
[Black "Dungl, Petr"]
[Result "1/2-1/2"]
[WhiteElo "1653"]
[BlackElo "1785"]
[PlyCount "89"]
[EventDate "2007.08.18"]

1. e4 c5 2. Nf3 Nf6 3. e5 Nd5 4. c4 Nb6 5. d4 cxd4 6. Nxd4 Nc6 7. Nxc6 bxc6 8.
Nc3 e6 9. Be3 Qc7 10. f4 Bb7 11. Qc2 Be7 12. O-O-O d6 13. exd6 Bxd6 14. Rxd6
Qxd6 15. c5 Qc7 16. cxb6 axb6 17. Bd3 c5 18. Rd1 Bc6 19. Nb5 Qe7 20. a4 h6 21.
Bd4 O-O 22. Bc3 Rfd8 23. Re1 Bd5 24. b3 Bxb3 25. Qe2 Rxa4 26. Qg4 f6 27. Qg6
Rxd3 28. Qxd3 Bc4 29. Qd6 Qxd6 30. Nxd6 Bd5 31. g3 Ra2 32. Bb2 Ra5 33. Re3 b5
34. Ra3 Rxa3 35. Bxa3 b4 36. Bb2 Kh7 37. Kd2 Kg6 38. Ke3 h5 39. h4 Kh7 40. Nb5
Kg6 41. Nc7 Kf5 42. Na6 g5 43. fxg5 fxg5 44. hxg5 Kxg5 45. Nxc5 1/2-1/2

[Event "Znojemska Rotunda 2007"]
[Site "?"]
[Date "2007.08.23"]
[Round "7.10"]
[White "Adam, Petr"]
[Black "Havel, Vojtech"]
[Result "1-0"]
[WhiteElo "1636"]
[BlackElo "1661"]
[PlyCount "65"]
[EventDate "2007.08.18"]

1. g3 d5 2. Nf3 Nf6 3. c4 c6 4. b3 e6 5. Bg2 Nbd7 6. d4 Bd6 7. Bb2 O-O 8. O-O
Re8 9. Nc3 b6 10. Re1 Bb7 11. e4 dxe4 12. Nxe4 Nxe4 13. Rxe4 Nf6 14. Re2 c5 15.
dxc5 Bxc5 16. Rd2 Qe7 17. a3 a5 18. Bd4 Ne4 19. Bxc5 Qxc5 20. Rc2 Rad8 21. Qe2
Rd7 22. Nd2 Nxd2 23. Rxd2 Bxg2 24. Rxd7 Qc6 25. Rd3 Bh3 26. f3 Bf5 27. Rd2 Qc5+
28. Qf2 Qc7 29. Rad1 e5 30. Rd6 Rb8 31. Qxb6 Qxb6+ 32. Rxb6 Ra8 33. Rbd6 1-0

[Event "Znojemska Rotunda 2007"]
[Site "?"]
[Date "2007.08.23"]
[Round "7.11"]
[White "Valenta, Petr"]
[Black "Mikulu, Lukas"]
[Result "0-1"]
[WhiteElo "1863"]
[BlackElo "1608"]
[PlyCount "64"]
[EventDate "2007.08.18"]

1. c4 e5 2. Nc3 Nc6 3. g3 g6 4. Bg2 Bg7 5. e3 d6 6. a3 a5 7. Nge2 f5 8. O-O Nf6
9. d3 O-O 10. f4 Qe7 11. Bd5+ Kh8 12. Bd2 Be6 13. Qb3 Nd8 14. Bf3 Nf7 15. Rac1
c6 16. Qc2 g5 17. fxg5 Nxg5 18. Bg2 Nh5 19. e4 f4 20. gxf4 Nh3+ 21. Kh1 N3xf4
22. Bxf4 Nxf4 23. Ng3 Bh6 24. Rce1 Qh4 25. Rf2 Rg8 26. Kg1 Bh3 27. Bf3 Rxg3+
28. hxg3 Qxg3+ 29. Kh1 Nxd3 30. Qxd3 Qxf2 31. Qe2 Qxe2 32. Rxe2 Bf1 0-1

[Event "Znojemska Rotunda 2007"]
[Site "?"]
[Date "2007.08.23"]
[Round "7.12"]
[White "Chlapecka, Adam"]
[Black "Dobes, Oldrich"]
[Result "0-1"]
[WhiteElo "1493"]
[BlackElo "2011"]
[PlyCount "76"]
[EventDate "2007.08.18"]

1. e4 c5 2. Nc3 Nc6 3. g3 g6 4. Bg2 Bg7 5. d3 e6 6. Be3 d6 7. f4 Nge7 8. Nf3
O-O 9. O-O Nd4 10. Rb1 Nec6 11. Ne2 Qa5 12. a3 e5 13. c3 Nxf3+ 14. Bxf3 exf4
15. Bxf4 Ne5 16. Bg2 Qa6 17. d4 Bg4 18. Kf2 Nd3+ 19. Ke3 Nxf4 20. gxf4 cxd4+
21. cxd4 Bxd4+ 22. Kd2 Rac8 23. Bf3 Bxf3 24. Rxf3 Bg7 25. Ke1 Rfe8 26. Ng3 Qb6
27. Kf1 Qc5 28. b4 Qc2 29. Rf2 Qc4+ 30. Kg2 h5 31. h4 Bf6 32. Kh3 Bd4 33. Re2
Qe6+ 34. f5 Qf6 35. fxg6 fxg6 36. Rg2 Rc6 37. Rc1 Rxe4 38. Rxc6 Rxh4# 0-1

[Event "Znojemska Rotunda 2007"]
[Site "?"]
[Date "2007.08.23"]
[Round "7.14"]
[White "Bastyr, Pavel"]
[Black "Rysavy, Jindrich"]
[Result "1-0"]
[WhiteElo "1569"]
[BlackElo "1413"]
[PlyCount "49"]
[EventDate "2007.08.18"]

1. d4 d5 2. c4 c6 3. Nc3 Bf5 4. cxd5 cxd5 5. Qb3 Qd7 6. Qxd5 e6 7. Qxd7+ Nxd7
8. e4 Bg6 9. Nf3 Bb4 10. e5 a6 11. Be2 Rc8 12. Bd2 Ne7 13. O-O O-O 14. Nh4 Nf5
15. Nxg6 hxg6 16. a3 Ba5 17. Bf3 Rc7 18. Be3 Nxe3 19. fxe3 Rd8 20. Rfc1 Nb8 21.
b4 Bb6 22. Na4 Nd7 23. Nxb6 Rxc1+ 24. Rxc1 Nxb6 25. Bxb7 1-0

[Event "Znojemska Rotunda 2007"]
[Site "?"]
[Date "2007.08.23"]
[Round "7.15"]
[White "Sramek, Jiri"]
[Black "Holik, Jakub"]
[Result "1/2-1/2"]
[WhiteElo "1366"]
[BlackElo "1451"]
[PlyCount "31"]
[EventDate "2007.08.18"]

1. e4 c5 2. Nf3 Nc6 3. d4 cxd4 4. Nxd4 e5 5. Nb5 d6 6. N1c3 a6 7. Na3 Nf6 8.
Bd3 Be7 9. O-O Be6 10. f4 Qb6+ 11. Kh1 O-O 12. f5 Bd7 13. Rf3 Ng4 14. Nd5 Qa7
15. Ne3 Nf6 16. Rg3 1/2-1/2

[Event "Znojemska Rotunda 2007"]
[Site "?"]
[Date "2007.08.23"]
[Round "7.16"]
[White "Molik, Zdenek"]
[Black "Vavrousek, Petr"]
[Result "0-1"]
[WhiteElo "1617"]
[BlackElo "1801"]
[PlyCount "60"]
[EventDate "2007.08.18"]

1. d4 d5 2. c4 c6 3. Nc3 Nf6 4. Nf3 e6 5. Bg5 dxc4 6. e4 b5 7. a3 Be7 8. g3 Bb7
9. Bg2 Nbd7 10. O-O h6 11. Be3 Qc7 12. Nd2 a6 13. f4 c5 14. Qe2 cxd4 15. Bxd4
Nc5 16. Bxc5 Bxc5+ 17. Kh1 h5 18. Nf3 Ng4 19. Nd1 O-O-O 20. h3 Nf6 21. Nc3 Rd3
22. Rad1 Rhd8 23. Rxd3 Rxd3 24. Kh2 Re3 25. Qd2 Nxe4 26. Nxe4 Bxe4 27. Ne5 Bxg2
28. Kxg2 Qb7+ 29. Kh2 f6 30. Ng6 Qe4 0-1

[Event "Znojemska Rotunda 2007"]
[Site "?"]
[Date "2007.08.24"]
[Round "8.1"]
[White "Snorek, Milan"]
[Black "Slacky, Stanislav"]
[Result "0-1"]
[WhiteElo "2152"]
[BlackElo "2110"]
[PlyCount "106"]
[EventDate "2007.08.18"]

1. d4 Nf6 2. c4 e6 3. Nf3 d5 4. cxd5 exd5 5. Bg5 Be7 6. Nc3 O-O 7. Qc2 b6 8.
Rd1 Bb7 9. g3 Na6 10. Bg2 h6 11. Bxf6 Bxf6 12. O-O Re8 13. a3 Qd7 14. b4 c6 15.
e3 Rac8 16. Qb3 Nc7 17. Rfe1 Ba6 18. a4 Bc4 19. Qb1 b5 20. axb5 Nxb5 21. Na4
Rb8 22. Nc5 Qc8 23. Qc2 Nd6 24. Qc3 Rb5 25. Ra1 Qc7 26. Bh3 Ra8 27. Ne5 Bxe5
28. dxe5 Nb7 29. Na6 Qe7 30. Ra4 Rb6 31. Rea1 Re8 32. f4 c5 33. Nxc5 Nxc5 34.
bxc5 Rb3 35. Qd4 Rd3 36. Rxa7 Qf8 37. e6 f6 38. e7 Rxe7 39. Ra8 Re8 40. Be6+
Kh8 41. Qxd3 Bxd3 42. Bxd5 Kh7 43. g4 Rxa8 44. Rxa8 Qxc5 45. Bg8+ Kg6 46. Kf2
Be4 47. Ra2 h5 48. h3 hxg4 49. hxg4 Qc8 50. f5+ Kg5 51. Be6 Qh8 52. Ra7 Qh2+
53. Ke1 Qg3+ 0-1

[Event "Znojemska Rotunda 2007"]
[Site "?"]
[Date "2007.08.24"]
[Round "8.2"]
[White "Docekal, Jan"]
[Black "Dvorak, Libor"]
[Result "1-0"]
[WhiteElo "2197"]
[BlackElo "2078"]
[PlyCount "115"]
[EventDate "2007.08.18"]

1. e4 c5 2. Nf3 d6 3. Nc3 Nc6 4. d4 cxd4 5. Nxd4 Nf6 6. Be3 g6 7. Be2 Bg7 8.
O-O O-O 9. Kh1 d5 10. exd5 Nxd5 11. Nxd5 Nxd4 12. Bxd4 Qxd5 13. Bxg7 Qxd1 14.
Raxd1 Kxg7 15. Rd2 Bf5 16. Rfd1 Rac8 17. c4 Be6 18. b3 Rc7 19. Kg1 Rfc8 20. Kf1
Kf8 21. Bf3 b6 22. Ke2 Ke8 23. Bd5 Bxd5 24. Rxd5 e6 25. R5d3 Rc5 26. a4 Re5+
27. Kf1 Rc7 28. Rd8+ Ke7 29. Rb8 Rec5 30. Rbd8 h5 31. R1d3 Rb7 32. Ke2 Rcc7 33.
Ra8 Rd7 34. b4 Rdc7 35. Rc3 Rc6 36. Kd3 Rd7+ 37. Kc2 Rdc7 38. Kb3 Rd6 39. c5
Rdc6 40. b5 Rxc5 41. Rxc5 bxc5 42. Kc4 Kd6 43. a5 Rb7 44. Rc8 Kd7 45. Rc6 Rb8
46. Kxc5 Rb7 47. Rd6+ Ke7 48. b6 axb6+ 49. axb6 Rb8 50. Rd2 Rc8+ 51. Kb5 Rc1
52. b7 Rb1+ 53. Kc6 Rc1+ 54. Kb6 Rb1+ 55. Kc7 Rc1+ 56. Kb8 Rc3 57. Ra2 Kd7 58.
Ka8 1-0

[Event "Znojemska Rotunda 2007"]
[Site "?"]
[Date "2007.08.24"]
[Round "8.3"]
[White "Horak, Karel jun"]
[Black "Fojtik, Tomas"]
[Result "0-1"]
[WhiteElo "1873"]
[BlackElo "2071"]
[PlyCount "46"]
[EventDate "2007.08.18"]

1. e4 e6 2. d4 d5 3. Nc3 Nf6 4. Bg5 dxe4 5. Nxe4 Nbd7 6. Nf3 Be7 7. Nxf6+ Nxf6
8. Bd3 c5 9. O-O cxd4 10. Qe2 O-O 11. Rfd1 Qa5 12. Ne5 a6 13. f4 Qc7 14. Rf1 g6
15. Qf2 b6 16. Kh1 Bb7 17. Qxd4 Bc5 18. Qa4 b5 19. Qb3 Nd5 20. Ng4 h5 21. Nf6+
Nxf6 22. Bxf6 Qc6 23. Rf3 Qxf3 0-1

[Event "Znojemska Rotunda 2007"]
[Site "?"]
[Date "2007.08.24"]
[Round "8.4"]
[White "Babczynski, Marcel"]
[Black "Jurica, Peter"]
[Result "1/2-1/2"]
[WhiteElo "1942"]
[BlackElo "2129"]
[PlyCount "28"]
[EventDate "2007.08.18"]

1. e4 Nf6 2. Nc3 d5 3. exd5 Nxd5 4. d4 Nxc3 5. bxc3 g6 6. Nf3 Bg7 7. Bc4 O-O 8.
O-O c5 9. Ba3 cxd4 10. cxd4 Nc6 11. c3 Qa5 12. Qb3 Qc7 13. Bd5 Bf6 14. Rfe1 Bf5
1/2-1/2

[Event "Znojemska Rotunda 2007"]
[Site "?"]
[Date "2007.08.24"]
[Round "8.5"]
[White "Jostic, Peter"]
[Black "Adam, Petr"]
[Result "1-0"]
[WhiteElo "1612"]
[BlackElo "1636"]
[PlyCount "31"]
[EventDate "2007.08.18"]

1. e4 c5 2. Nf3 Nc6 3. d4 cxd4 4. Nxd4 e5 5. Nb5 a6 6. Nd6+ Bxd6 7. Qxd6 Qf6 8.
Qd1 Qe7 9. Nc3 h6 10. Nd5 Qd8 11. Be3 Kf8 12. Qd2 g6 13. O-O-O Kg7 14. f4 exf4
15. Bxf4 Nf6 16. Qc3 1-0

[Event "Znojemska Rotunda 2007"]
[Site "?"]
[Date "2007.08.24"]
[Round "8.6"]
[White "Mikulu, Lukas"]
[Black "Chalupa, Ivan"]
[Result "0-1"]
[WhiteElo "1608"]
[BlackElo "2168"]
[PlyCount "64"]
[EventDate "2007.08.18"]

1. e4 c5 2. Nf3 d6 3. d4 cxd4 4. Nxd4 Nf6 5. Nc3 a6 6. Bc4 e6 7. Bg5 Be7 8. Qe2
O-O 9. a3 Nxe4 10. Qxe4 Bxg5 11. h4 d5 12. Qe2 Bf6 13. O-O-O Bxd4 14. Rxd4 Qf6
15. Rhd1 Nc6 16. Rg4 dxc4 17. Ne4 Qe7 18. Ng5 h6 19. Rh1 c3 20. Qd3 cxb2+ 21.
Kb1 f5 22. Rg3 Qf6 23. c3 Rd8 24. Qc2 hxg5 25. hxg5 Qe5 26. Re3 Qd5 27. Qe2 f4
28. Qh5 Qf5+ 29. Kxb2 fxe3 30. Qh8+ Kf7 31. Qh5+ Ke7 32. fxe3 Rd2+ 0-1

[Event "Znojemska Rotunda 2007"]
[Site "?"]
[Date "2007.08.24"]
[Round "8.7"]
[White "Jadud, Oto"]
[Black "Horak, Karel sen"]
[Result "1-0"]
[WhiteElo "2004"]
[BlackElo "1770"]
[PlyCount "67"]
[EventDate "2007.08.18"]

1. e4 c6 2. d4 d5 3. Nc3 g6 4. Nf3 Bg4 5. Be3 Bg7 6. exd5 cxd5 7. h3 Bxf3 8.
Qxf3 e6 9. O-O-O a6 10. g4 Nc6 11. h4 Rc8 12. Kb1 Qb6 13. Qf4 Nf6 14. h5 Nd7
15. hxg6 fxg6 16. Bd3 Ne7 17. Ne2 Nc5 18. Nc1 Nxd3 19. Nxd3 Qc7 20. Nc5 e5 21.
dxe5 Bxe5 22. Qa4+ b5 23. Qxa6 d4 24. Qxb5+ Qc6 25. Qxc6+ Rxc6 26. Nd3 dxe3 27.
Nxe5 Re6 28. f4 g5 29. Nd3 gxf4 30. Nxf4 Re4 31. Nd5 Nxd5 32. Rxd5 e2 33. Re1
Rf8 34. Kc1 1-0

[Event "Znojemska Rotunda 2007"]
[Site "?"]
[Date "2007.08.24"]
[Round "8.8"]
[White "Simecek, Josef"]
[Black "Rysavy, Jan"]
[Result "1/2-1/2"]
[WhiteElo "1459"]
[BlackElo "1601"]
[PlyCount "64"]
[EventDate "2007.08.18"]

1. d4 d5 2. c4 c6 3. cxd5 cxd5 4. Nc3 Bf5 5. Bf4 Nf6 6. Nf3 e6 7. e3 a6 8. Bd3
Bg6 9. O-O Bd6 10. Bg3 Nc6 11. Rc1 Bxg3 12. hxg3 Qd6 13. a3 Bxd3 14. Qxd3 h5
15. Rfd1 Ng4 16. e4 h4 17. e5 Qe7 18. gxh4 g5 19. hxg5 Rh1+ 20. Kxh1 Nxf2+ 21.
Kg1 Nxd3 22. Rxd3 Kd7 23. Na4 Rh8 24. Rdc3 Kc7 25. Nc5 Kb8 26. Nxa6+ bxa6 27.
Rxc6 Qb7 28. b4 Qb5 29. Rc7 Qe2 30. R7c3 Qb5 31. Kf2 Rf8 32. Rc7 Qb6 1/2-1/2

[Event "Znojemska Rotunda 2007"]
[Site "?"]
[Date "2007.08.24"]
[Round "8.9"]
[White "Petlak, Josef"]
[Black "Hemala, Lubos"]
[Result "0-1"]
[WhiteElo "2009"]
[BlackElo "1653"]
[PlyCount "92"]
[EventDate "2007.08.18"]

1. d4 c6 2. Nf3 d5 3. e3 g6 4. Bd3 Nf6 5. O-O Bg7 6. c3 O-O 7. Nbd2 Qc7 8. e4
dxe4 9. Nxe4 Nbd7 10. Bg5 Nxe4 11. Bxe4 Nf6 12. Bd3 Re8 13. Re1 Be6 14. Rxe6
fxe6 15. Qe2 Qd6 16. Bh4 Nh5 17. Qe4 Rf8 18. Bc4 Bf6 19. Bxe6+ Kh8 20. Ng5 Qf4
21. Qxf4 Nxf4 22. Bc4 h6 23. Nf3 g5 24. Bg3 Ng6 25. Nd2 Bg7 26. Ne4 Nf4 27. h4
gxh4 28. Bxh4 Nxg2 29. Nc5 (29. Kxg2 Rf4 30. Bg3 Rxe4 31. Kf3) 29... Nxh4 30.
Ne6 Rf6 31. f4 b5 32. Bb3 Rg6+ 33. Kh2 Nf3+ 34. Kh3 h5 35. d5 h4 36. Ng5 Nxg5+
37. fxg5 c5 38. a4 Rxg5 39. axb5 Bf6 40. Ra6 Rg3+ 41. Kh2 Be5 42. Kh1 Rag8 43.
Rh6+ Kg7 44. Re6 Bd6 45. Bc4 Kf8 46. Re1 Rh3# 0-1

[Event "Znojemska Rotunda 2007"]
[Site "?"]
[Date "2007.08.24"]
[Round "8.10"]
[White "Dungl, Petr"]
[Black "Dobes, Oldrich"]
[Result "0-1"]
[WhiteElo "1785"]
[BlackElo "2011"]
[PlyCount "72"]
[EventDate "2007.08.18"]

1. d4 Nf6 2. c4 g6 3. Nc3 Bg7 4. Nf3 O-O 5. Bg5 c6 6. e3 d6 7. Be2 Nbd7 8. Qc2
Re8 9. Rd1 Qc7 10. h3 Nf8 11. b4 a6 12. a4 Be6 13. O-O d5 14. c5 Bf5 15. Bd3
Bxd3 16. Qxd3 Qd7 17. Bf4 Qf5 18. Qxf5 gxf5 19. Ra1 Ng6 20. Bh2 Nd7 21. Ne2 e5
22. Rab1 f4 23. exf4 exd4 24. Nexd4 Re4 25. Nf5 a5 26. Nxg7 Kxg7 27. f5 Nf4 28.
Rfe1 Ne2+ 29. Kf1 Nc3 30. Rbc1 axb4 31. Rxe4 dxe4 32. Ne5 Nxc5 33. Nc4 Nd3 34.
Ra1 Rxa4 35. Rxa4 Nxa4 36. Nd2 Nac5 0-1

[Event "Znojemska Rotunda 2007"]
[Site "?"]
[Date "2007.08.24"]
[Round "8.11"]
[White "Blazek, Milos"]
[Black "Kyselka, Daniel"]
[Result "1-0"]
[WhiteElo "2095"]
[BlackElo "1662"]
[PlyCount "65"]
[EventDate "2007.08.18"]

1. e4 c6 2. d4 d5 3. e5 Bf5 4. Nc3 e6 5. g4 Bg6 6. Nge2 c5 7. h4 h5 8. Nf4 Nc6
9. Nxg6 fxg6 10. Bd3 Nge7 11. Nb5 Kd7 12. c3 Qb6 13. dxc5 Qxc5 14. Be3 d4 15.
cxd4 Qd5 16. Rg1 hxg4 17. Qxg4 Nf5 18. Nc3 Qa5 19. Qxg6 Ncxd4 20. O-O-O Rc8 21.
Bxd4 Nxd4 22. Bb5+ Kc7 23. Rxd4 Kb8 24. Qd3 Qxa2 25. Ra4 Qb3 26. Bc4 Qb6 27.
Rg4 Qxf2 28. Bxe6 Qe1+ 29. Kc2 Qf2+ 30. Kb1 Qe1+ 31. Ka2 Re8 32. Qd7 Bc5 33.
Rxg7 {Dan Kyselka posila Bretovi tento vzkaz: "Jdi do prdele Breto"} 1-0

[Event "Znojemska Rotunda 2007"]
[Site "?"]
[Date "2007.08.24"]
[Round "8.12"]
[White "Vavrousek, Petr"]
[Black "Havel, Vojtech"]
[Result "1-0"]
[WhiteElo "1801"]
[BlackElo "1661"]
[PlyCount "47"]
[EventDate "2007.08.18"]

1. e4 e5 2. Nf3 Nc6 3. Bb5 a6 4. Bxc6 dxc6 5. O-O Bg4 6. h3 Bxf3 7. Qxf3 Qd7 8.
Nc3 O-O-O 9. d3 f6 10. Be3 Kb8 11. Na4 g5 12. Rfd1 Qe6 13. d4 Be7 14. b3 h5 15.
dxe5 Rxd1+ 16. Rxd1 Qxe5 17. Bd4 Qe6 18. Bc5 g4 19. hxg4 hxg4 20. Qf5 Qxf5 21.
exf5 Bxc5 22. Rd8+ Ka7 23. Nxc5 b6 24. Ne4 1-0

[Event "Znojemska Rotunda 2007"]
[Site "?"]
[Date "2007.08.24"]
[Round "8.13"]
[White "Bastyr, Pavel"]
[Black "Sramek, Jiri"]
[Result "1-0"]
[WhiteElo "1569"]
[BlackElo "1366"]
[PlyCount "59"]
[EventDate "2007.08.18"]

1. d4 d5 2. c4 e6 3. Nc3 Nf6 4. Bg5 Be7 5. Nf3 O-O 6. e3 b6 7. Bd3 Bb7 8. cxd5
Nxd5 9. Bxe7 Qxe7 10. Rc1 Nd7 11. O-O c5 12. a3 Qf6 13. Qc2 Nxc3 14. bxc3 Bxf3
15. gxf3 Qxf3 16. Bxh7+ Kh8 17. Be4 Qg4+ 18. Kh1 Rac8 19. Rg1 Qh4 20. Rg3 Nf6
21. Bg2 Kg8 22. Rh3 Qg5 23. Rg1 Qf5 24. e4 Qf4 25. e5 g6 26. exf6 Qxf6 27. d5
exd5 28. Bxd5 Qe5 29. Qxg6+ Qg7 30. Qxg7# 1-0

[Event "Znojemska Rotunda 2007"]
[Site "?"]
[Date "2007.08.24"]
[Round "8.14"]
[White "Holik, Jakub"]
[Black "Valenta, Petr"]
[Result "0-1"]
[WhiteElo "1451"]
[BlackElo "1863"]
[PlyCount "54"]
[EventDate "2007.08.18"]

1. d4 f5 2. c4 e6 3. Nc3 Nf6 4. Bg5 Be7 5. e3 O-O 6. Nf3 d6 7. Be2 b6 8. O-O
Nbd7 9. Qc2 Ng4 10. Bxe7 Qxe7 11. h3 Nh6 12. Rfe1 Rf6 13. Bd3 Nf8 14. e4 Bb7
15. Re3 f4 16. Re2 Rg6 17. d5 e5 18. Kh1 Nf7 19. Rg1 Rh6 20. Nh2 Bc8 21. f3 Qg5
22. Rf2 Nd7 23. Nf1 a6 24. Kh2 Nf6 25. Kh1 Nh5 26. Qa4 Kf8 27. Nb5 Bd7 0-1

[Event "Znojemska Rotunda 2007"]
[Site "?"]
[Date "2007.08.24"]
[Round "8.15"]
[White "Rysavy, Jindrich"]
[Black "Chlapecka, Adam"]
[Result "0-1"]
[WhiteElo "1413"]
[BlackElo "1493"]
[PlyCount "66"]
[EventDate "2007.08.18"]

1. d4 Nf6 2. c4 g6 3. Nc3 Bg7 4. Bg5 O-O 5. Nf3 d6 6. e3 Nbd7 7. Bd3 e5 8. Qc2
Re8 9. O-O h6 10. Bh4 g5 11. Bg3 Nh5 12. dxe5 dxe5 13. Rad1 Nxg3 14. fxg3 c6
15. c5 Qe7 16. Ne4 Nf6 17. Nxf6+ Bxf6 18. Be4 Be6 19. b4 a5 20. a3 axb4 21.
axb4 Ra2 22. Qc3 Rea8 23. Ra1 Bd5 24. Nd2 g4 25. Rxa2 Rxa2 26. Bxd5 cxd5 27.
Nb3 Bg5 28. Re1 Qf6 29. Rf1 Qe6 30. Na5 Re2 31. Nxb7 Bxe3+ 32. Kh1 d4 33. Qa3
Qd5 0-1

[Event "Znojemska Rotunda 2007"]
[Site "?"]
[Date "2007.08.25"]
[Round "9.1"]
[White "Slacky, Stanislav"]
[Black "Docekal, Jan"]
[Result "1/2-1/2"]
[WhiteElo "2110"]
[BlackElo "2197"]
[PlyCount "84"]
[EventDate "2007.08.18"]

1. d4 Nf6 2. c4 e6 3. g3 Bb4+ 4. Bd2 Qe7 5. Bg2 O-O 6. Nf3 a5 7. O-O Bxd2 8.
Nbxd2 d6 9. Qc2 Nbd7 10. Rfd1 Re8 11. e3 Ra7 12. a3 b6 13. Nb1 Ba6 14. b3 c5
15. Nc3 Rc7 16. Rac1 Rec8 17. Qb2 Ne8 18. e4 cxd4 19. Nxd4 Nc5 20. Ncb5 Bxb5
21. Nxb5 Rd7 22. b4 Na6 23. Rd2 Nb8 24. Qb3 Nc6 25. Rcd1 {(=)} 25... Nc7 26.
Nxc7 (26. Nxd6 $18) 26... Rcxc7 27. f4 e5 28. Bh3 Rd8 29. c5 Nd4 30. Rxd4 (30.
cxd6 Rxd6 31. fxe5 Qxe5 32. Qe3 Rc3 33. Qxc3 Ne2+ $13) 30... exd4 31. cxb6 Rc3
32. Qd5 axb4 33. axb4 Qe8 34. b7 Rc7 35. Rxd4 Rb8 36. Bc8 Rc6 37. e5 Rc1+ 38.
Kg2 Rc2+ 39. Kf3 Rc3+ 40. Rd3 Rxd3+ 41. Qxd3 dxe5 42. fxe5 Rxc8 1/2-1/2

[Event "Znojemska Rotunda 2007"]
[Site "?"]
[Date "2007.08.25"]
[Round "9.2"]
[White "Dvorak, Libor"]
[Black "Snorek, Milan"]
[Result "1-0"]
[WhiteElo "2078"]
[BlackElo "2152"]
[PlyCount "97"]
[EventDate "2007.08.18"]

1. Nf3 d5 2. c4 c6 3. g3 Bf5 4. Bg2 Nf6 5. cxd5 cxd5 6. Qb3 Qb6 7. Qxb6 axb6 8.
d3 Nc6 9. Be3 Nb4 10. Kd2 Nd7 11. Nd4 Bg6 12. f4 e6 13. f5 exf5 14. Nc3 Bc5 15.
Nxd5 O-O 16. a3 Nxd5 17. Bxd5 Ne5 18. Nc2 Rfd8 19. Ba2 Ng4 20. Bf4 Nf2 21. Rhf1
Nh3 22. Be3 Rac8 23. b4 Be7 24. Bxb6 Bg5+ 25. Be3 Rxc2+ 26. Kxc2 Bxe3 27. Bc4
Ng5 28. a4 Ne6 29. a5 Nd4+ 30. Kd1 f4 31. g4 h5 32. h3 hxg4 33. hxg4 Kf8 34. b5
f5 35. a6 bxa6 36. bxa6 Nc6 37. gxf5 Bxf5 38. Kc2 Nd4+ 39. Kd1 Bd7 40. Rh1 Ke7
41. Rh5 Bc6 42. a7 g6 43. Rh7+ Kd6 44. Rh6 Kc5 45. Rxg6 Rh8 46. Rxc6+ Kb4 47.
Rb1+ Kc3 48. Rh6 Rg8 49. Bxg8 1-0

[Event "Znojemska Rotunda 2007"]
[Site "?"]
[Date "2007.08.25"]
[Round "9.3"]
[White "Fojtik, Tomas"]
[Black "Jostic, Peter"]
[Result "1/2-1/2"]
[WhiteElo "2071"]
[BlackElo "1612"]
[PlyCount "91"]
[EventDate "2007.08.18"]

1. d4 Nf6 2. c4 g6 3. Nc3 Bg7 4. e4 O-O 5. Nf3 d6 6. Be2 e5 7. O-O Nc6 8. d5
Ne7 9. Ne1 Nd7 10. Nd3 f5 11. f3 Nf6 12. Bd2 f4 13. g4 g5 14. Be1 Bd7 15. c5
Kf7 16. Kg2 Rh8 17. Bf2 h5 18. h3 Ng6 19. Rh1 Nh4+ 20. Bxh4 gxh4 21. Qe1 Rh7
22. g5 Ng8 23. Qxh4 Ne7 24. Qf2 h4 25. Rhg1 Ng6 26. Kh2 Rh5 27. b3 Rxg5 28.
Rxg5 Qxg5 29. Rg1 Qg3+ 30. Kh1 Qxh3+ 31. Qh2 Qxh2+ 32. Kxh2 h3 33. Nf2 Rh8 34.
cxd6 cxd6 35. Nb5 Bxb5 36. Bxb5 Bf6 37. Rc1 Bh4 38. Rc7+ Kf6 39. Ng4+ Kg5 40.
Rxb7 Bg3+ 41. Kh1 Nh4 42. Rg7+ Kh5 43. Re7 Nxf3 44. Bd7 Nd4 45. Nh2 Kg6 46.
Be8+ 1/2-1/2

[Event "Znojemska Rotunda 2007"]
[Site "?"]
[Date "2007.08.25"]
[Round "9.4"]
[White "Chalupa, Ivan"]
[Black "Horak, Karel jun"]
[Result "1/2-1/2"]
[WhiteElo "2168"]
[BlackElo "1873"]
[PlyCount "35"]
[EventDate "2007.08.18"]

1. e4 e6 2. d4 d5 3. Nd2 Be7 4. Ngf3 dxe4 5. Nxe4 Nf6 6. Bd3 Nbd7 7. O-O c5 8.
Nxf6+ Bxf6 9. c3 cxd4 10. cxd4 Nb6 11. Be4 Nd5 12. Qb3 O-O 13. Re1 b6 14. Bxd5
Qxd5 15. Qxd5 exd5 16. Bg5 Bxg5 17. Nxg5 f6 18. Ne6 1/2-1/2

[Event "Znojemska Rotunda 2007"]
[Site "?"]
[Date "2007.08.25"]
[Round "9.5"]
[White "Jurica, Peter"]
[Black "Jadud, Oto"]
[Result "1-0"]
[WhiteElo "2129"]
[BlackElo "2004"]
[PlyCount "63"]
[EventDate "2007.08.18"]

1. Nf3 c5 2. d4 cxd4 3. Nxd4 e5 4. Nf3 Nf6 5. g3 Nc6 6. Bg2 d5 7. O-O Bc5 8. c3
a5 9. Bg5 Be6 10. Ne1 Qd7 11. Nd3 Bd6 12. Nd2 h6 13. Bxf6 gxf6 14. e4 d4 15. f4
dxc3 16. bxc3 Be7 17. Qc2 Bh3 18. Nc4 Bxg2 19. Kxg2 Rd8 20. Rad1 Qg4 21. Ne3
Qg6 22. Nf5 h5 23. Nb2 h4 24. Nc4 hxg3 25. hxg3 Rxd1 26. Qxd1 exf4 27. Rxf4 Rg8
28. Nce3 Ne5 29. Qa4+ Kf8 30. Qxa5 Nc6 31. Qc7 Qg5 32. Nd5 1-0

[Event "Znojemska Rotunda 2007"]
[Site "?"]
[Date "2007.08.25"]
[Round "9.6"]
[White "Hemala, Lubos"]
[Black "Babczynski, Marcel"]
[Result "1-0"]
[WhiteElo "1653"]
[BlackElo "1942"]
[PlyCount "105"]
[EventDate "2007.08.18"]

1. e4 e5 2. f4 d5 3. exd5 e4 4. Nc3 Nf6 5. d3 Bb4 6. dxe4 Nxe4 7. Qd4 Qe7 8.
Be3 O-O 9. Bd3 Nxc3 10. bxc3 Bxc3+ 11. Qxc3 Qxe3+ 12. Ne2 Re8 13. Qd2 Qc5 14.
O-O-O Bg4 15. h3 Bxe2 16. Bxe2 Na6 17. Bxa6 bxa6 18. Qd3 Rab8 19. Rhe1 Red8 20.
Re4 Rb4 21. Rde1 Rxe4 22. Rxe4 g6 23. Rc4 Qg1+ 24. Kb2 Rb8+ 25. Kc3 Rb7 26. Qe4
Qb6 27. Qe8+ Kg7 28. Qe5+ Kg8 29. Rc6 Qa5+ 30. Kd3 Rb5 31. c4 Qa3+ 32. Qc3
Qxc3+ 33. Kxc3 Rb7 34. Rxa6 Kf8 35. c5 Ke7 36. Kc4 h5 37. c6 Rb2 38. Rxa7 Kd6
39. Ra8 Rc2+ 40. Kd3 Rxg2 41. Rd8+ Kc5 42. a4 Rg3+ 43. Ke4 Rxh3 44. Rd7 Ra3 45.
a5 Ra4+ 46. Ke5 Rxa5 47. Rxc7 Ra1 48. Rd7 Kb6 49. Rxf7 h4 50. c7 Kb7 51. d6 h3
52. Rf8 Rc1 53. Rb8+ 1-0